00722nam a2200229Ia 4500001000500000005001700005007000300022008004100025020000700066040002500073041000800098082002200106100002200128245006600150260004600216300002900262653002000291653002600311942001200337952012800349999001500477970220240113234224.0ta120614s ii a g b000 u 465 u cHB aCotton College,Assam aeng a823.928bLa 33 Ja aLascelles, Mary . 0aJane Austen and her Art /cMary Lascelles.hTextual Documents aOxford :bOxford Universsity Press ,cNd. a223p. :bill. ;c20cm. . aEnglish-Fiction aBiography-Jane Austen 2ddccBK 00104070aSKBLbSKBLcT/G-Englishd2012-02-01f00000l0o823.928 La 33 JapGBE/41r2024-01-13 00:00:00t1w2012-02-01yBK c9689d9689